ბათუმის შოთა რუსთაველის სახელმწიფო უნივერსიტეტის ბიბლიოთეკა

რჩეული (ბიბ.ჩანაწერი № 48840)

000 -LEADER
fixed length control field 00620nam a2200229Ia 4500
001 - CONTROL NUMBER
control field 15742
003 - CONTROL NUMBER IDENTIFIER
control field GE_BSU
008 - FIXED-LENGTH DATA ELEMENTS--GENERAL INFORMATION
fixed length control field 181216s||||||||xx |||||||||||||| ||und||
020 ## - INTERNATIONAL STANDARD BOOK NUMBER
International Standard Book Number 99928-44-35-3
040 ## - CATALOGING SOURCE
Transcribing agency GE_BSU
080 ## - UNIVERSAL DECIMAL CLASSIFICATION NUMBER
Universal Decimal Classification number 821.353.1-1
100 ## - MAIN ENTRY--PERSONAL NAME
Personal name ხალვაში, ფრიდონ
245 ## - TITLE STATEMENT
Title რჩეული
245 ## - TITLE STATEMENT
Statement of responsibility, etc. რედ.ხ.თავდგირიძე.მხ.გ.გუჯაბიძე
260 ## - PUBLICATION, DISTRIBUTION, ETC.
Place of publication, distribution, etc. ბათუმი
260 ## - PUBLICATION, DISTRIBUTION, ETC.
Name of publisher, distributor, etc. აჭარა
260 ## - PUBLICATION, DISTRIBUTION, ETC.
Date of publication, distribution, etc. 2000
300 ## - PHYSICAL DESCRIPTION
Extent 352გვ. ; 18სმ.
653 ## - INDEX TERM--UNCONTROLLED
Uncontrolled term რჩეული
942 ## - ADDED ENTRY ELEMENTS (KOHA)
Koha item type წიგნი
ეგზემპლარები
Withdrawn status Lost status Damaged status Not for loan Date acquired Barcode Date last seen Price effective from Koha item type
        2018-12-17 39331 2018-12-17 2018-12-17 წიგნი
        2018-12-17 39332 2018-12-17 2018-12-17 წიგნი